000 00850nam a2200253Ia 4500
003 GCL
008 140319s9999 xx 000 0 ara d
040 _aGCL /
_cGCL
082 0 4 _a350.001
_bق ع
100 1 _aقبارى محمد اسماعيل
245 1 0 _aعلم الاجتماع الادارى ومشكلات التنظيم فى المؤسسات البيروقراطية /
_cقبارى محمد اسماعيل
260 _a[S.N] :
_bمنشاة المعارف الاسلامية ،
_c1981
300 _a588
490 _a
650 0 4 _aالادارة
650 0 4 _aالتخطيط
650 0 4 _aالتنظيم
650 0 4 _aالاجتماع
650 0 4 _aالادارة العامة
650 0 4 _aالتنمية الادارية
650 0 4 _aالبيروقراطية
650 0 4 _aالفساد الادارى
942 _2ddc
_cBK
999 _c31843
_d31843